| 000 | 01185 a2200301 4500 | ||
|---|---|---|---|
| 001 | 200129840 | ||
| 264 |
_aAnkara: _bTOBB ETÜ Fen Edebiyat Fakültesi, _c2013 |
||
| 999 |
_c200129840 _d31229 |
||
| 003 | TR-AnTOB | ||
| 005 | 20260210134040.0 | ||
| 008 | 130614s2013 tu 000 0 | ||
| 040 | _aTR-AnTOB | ||
| 041 | 0 | _atur | |
| 099 | _aTEZ TOBB FEF TAR L'13 ERT | ||
| 100 | 1 |
_aErtürk, Osman Can _9104874 |
|
| 245 | 1 | 0 |
_aII.Bayezid ve Kanuni Sultan Süleyman devirlerinde şehzadelerin durumu : _bI.Selim ve II.Selim nasıl padişah oldu? / _cOsman Can Ertürk. |
| 300 |
_a41 sayfa; _c29 cm. |
||
| 502 | _aTez (Lisans) - TOBB ETÜ Fen Edebiyat Fakültesi - Nisan 2013 | ||
| 504 | _aIncludes bibliographical references | ||
| 650 | 0 | 0 |
_aTezler, Akademik _zTürkiye _vSüreli yayınlar _915848 |
| 650 | 0 | 0 |
_aDissertations, Academic _zTurkey _915846 |
| 653 | _aTürkiye -- Tarih -- Osmanlı İmparatorluğu, 1288-1918. | ||
| 653 | _aŞehzadeler -- Türkiye -- Biyografi. | ||
| 653 | _aTurkey--History--Ottoman Empire, 1288-1918. | ||
| 653 | _aPrinces -- Turkey -- Biography. | ||
| 720 | _aTOBB Ekonomi ve Teknoloji Üniversitesi Fen Edebiyat Fakültesi Tarih Bölümü | ||
| 942 | _cTEZ | ||